| 000 | 00515nam a22001937a 4500 | ||
|---|---|---|---|
| 003 | OSt | ||
| 005 | 20140310181713.0 | ||
| 008 | 121212t xxu||||| |||| 00| 0 eng d | ||
| 050 |
_aDS 663 _b.En57 1980 |
||
| 082 |
_aFIL 915.990 _bEn32 1980 |
||
| 100 | _aEngel, Frances H. | ||
| 245 |
_aPearls and coconuts / _cFrances H. Engel. |
||
| 260 |
_aPhilippines : _bFrances H. Engel, _cc1980. |
||
| 300 |
_a353 p. : _bill. ; _c18 cm. |
||
| 526 | _c880L-960L | ||
| 562 | _e1 | ||
| 942 |
_2lcc _cBK _kFIL |
||
| 999 |
_c1659 _d1659 |
||